| 000 | 00925nac a22002411u 4500 | ||
|---|---|---|---|
| 010 | _a90020608 | ||
| 020 | _a0070522634 : | ||
| 020 | _a0074600818 | ||
| 082 | 0 | 0 |
_a006.3 _bR498 |
| 090 |
_c705 _d705 |
||
| 100 | _aRich, Elaine. | ||
| 245 | 1 | 0 |
_aArtificial intelligence / _cElaine Rich, Kevin Knight. |
| 250 | _a2nd ed. | ||
| 260 |
_aNew Delhi : _bMcGraw-Hill, _cc2004. |
||
| 300 |
_axvii, 621 p. : _bill. ; _c25 cm. |
||
| 504 | _aIncludes bibliographical references (p. 583-603) and indexes. | ||
| 650 | 0 | _aArtificial intelligence. | |
| 700 | 1 | _aKnight, Kevin. | |
| 856 | 4 | 2 |
_3Publisher description _uhttp://www.loc.gov/catdir/description/mh022/90020608.html |
| 856 | 4 | 2 |
_3Table of contents _uhttp://www.loc.gov/catdir/toc/mh021/90020608.html |
| 942 |
_cBB _k006.3R498 |
||
| 999 |
_c705 _d705 |
||